000 00540nmm a2200169Ia 4500
008 251105s9999||||xx |||||||||||||||||und||
020 _a9788496231436
041 _aspa
100 _aMartínez de Lezea, Toti
245 0 _aLos grafitis de mamá :
_b Un retrato tierno y humorístico de un ama de casa cincuentona.
264 _a[Madrid, España] :
_bMaeva Ediciones,
_c2005
300 _a0 páginas
490 _aNueva Historia
650 _aSpanish narrative
856 _uhttps://public.digitaliapublishing.com/a/31562
942 _cCF
999 _c89707
_d89707